Kiedy Odbyła Się Ta Wojna/Bitwa? - Statystyki

Ogólne statystyki
  • Ten quiz został rozwiązany 500 razy
  • Średni wynik to 8 z 12
Statystyki odpowiedzi
Zagadnienie Odpowiedź % Poprawnych
W którym roku odbyła się BITWA POD GRUNWALDEM? 1410r.
100%
W którym roku/latach odbył się POTOP ? 1655-1660r.
100%
a I WOJNA ŚWIATOWA? 1914-1918r.
100%
W którym roku/latach odbyła się II WOJNA ŚWIATOWA? 1939-1945r.
100%
W którym roku odbyło się POWSTANIE WARSZAWSKIE? 1944r.
100%
W którym roku/latach odbyła się DYMITRIADA? 1604-1610r.
67%
W którym roku odbyła się BITWA POD CHOCIMIEM? 1673r.
67%
W którym roku odbyła się ODSIECZ WEDEŃSKA? 1683r.
67%
*PYTANIA BARDZO TRUDNE* Kiedy odbyła się WOJNA AMERYKAŃSKO-HISZPAŃSKA? 1898r.
67%
Kiedy odbyło się OBLĘŻENIE ZBARAŻA? 1649r.
33%
*TRUDNIEJSZE PYTANIA* Kiedy odbyła się BITWA POD TRZCIANĄ? 1629-czerwiec
0%
W którym roku odbyła się WOJNA POD ŻÓŁTYMI WODAMI? 1648r.
0%
Nie znaleziono quizów pasujących do podanych kryteriów
Rozkład punktacji
Procent ludzi z każdym wynikiem
Percentyl według liczby udzielonych odpowiedzi
Twoja historia wyników
Nie rozwiązałeś tego quizu